000 00270nam a22001217a 4500
008 170801b xxu||||| |||| 00| 0 eng d
041 _aeng
080 _a004
100 _a32
101 _aSHK
245 _aSOCIAL SCIENCE COMPUTER REVIEW
_cGARSON,G.D
942 _2udc
_cBK
999 _c22346
_d22346